Nexus in Agriculture Engineering (Record no. 52404)

MARC details
000 -LEADER
fixed length control field 00692nam a22002537a 4500
003 - CONTROL NUMBER IDENTIFIER
control field OSt
008 - FIXED-LENGTH DATA ELEMENTS--GENERAL INFORMATION
fixed length control field 260627b |||||||| |||| 00| 0 eng d
020 ## - INTERNATIONAL STANDARD BOOK NUMBER
International Standard Book Number 9789348596758
082 ## - DEWEY DECIMAL CLASSIFICATION NUMBER
Classification number 631.3
Item number R16N
100 ## - MAIN ENTRY--PERSONAL NAME
Personal name Rajkumar, P.
245 ## - TITLE STATEMENT
Title Nexus in Agriculture Engineering
Statement of responsibility, etc. Rajkumar, P.
260 ## - PUBLICATION, DISTRIBUTION, ETC. (IMPRINT)
Place of publication, distribution, etc New Delhi
Name of publisher, distributor, etc TTPP
Date of publication, distribution, etc 2025
300 ## - PHYSICAL DESCRIPTION
Extent 450p.
650 ## - SUBJECT ADDED ENTRY--TOPICAL TERM
Topical term or geographic name as entry element Agricultural engineering.
650 ## - SUBJECT ADDED ENTRY--TOPICAL TERM
Topical term or geographic name as entry element Agriculture $x Environmental aspects.
650 ## - SUBJECT ADDED ENTRY--TOPICAL TERM
Topical term or geographic name as entry element Water-energy-food nexus.
650 ## - SUBJECT ADDED ENTRY--TOPICAL TERM
Topical term or geographic name as entry element Sustainable agriculture.
700 ## - ADDED ENTRY--PERSONAL NAME
Personal name Masilamani, P.
700 ## - ADDED ENTRY--PERSONAL NAME
Personal name Thiyagarajan, R.
700 ## - ADDED ENTRY--PERSONAL NAME
Personal name Nagarajan,M.
700 ## - ADDED ENTRY--PERSONAL NAME
Personal name Sudagar, I.P
700 ## - ADDED ENTRY--PERSONAL NAME
Personal name Sujitha, E.
942 ## - ADDED ENTRY ELEMENTS (KOHA)
Source of classification or shelving scheme
Koha item type Books
Holdings
Withdrawn status Lost status Source of classification or shelving scheme Damaged status Not for loan Home library Current library Shelving location Date acquired Source of acquisition Currency Cost, normal purchase price Total Checkouts Full call number Barcode Date last seen Bill Date Koha item type Bill Number
          Dr. Rajendra Prasad Central Agricultural University Pusa, Dr. Rajendra Prasad Central Agricultural University Pusa, General Stacks 27/06/2026 TTPP, New Delhi INR 3495.00   631.3 R16N 87647 27/06/2026 29/01/2026 Books IN-00449
Hosted, Implemented, Customized & Maintained by: BestBookBuddies

Powered by Koha